000
00229nam a2200085Ia 4500
008
220204s9999 xx 000 0 und d
082
_a
058
_b
INT
245
0
_a
International yearbook and statesman's who's who. 1978, 1979
942
_c
BK
999
_c
34476
_d
34476